000 00599nam a2200181Ia 4500
005 20250520112726.0
008 231207s9999 xx 000 0 und d
020 _a9780520244146
040 _cPK-LaNCA
082 _a325.6
_bCOO
100 _aCooper, Frederick
245 0 _aColonialism in question: theory, knowledge, history
_cFrederick Cooper
260 _bUniversity of California Press
_aBerkeley
_c2005
300 _axii, 327p
546 _aEnglish
650 _aAfrica--Colonization--Historiography, Decolonization--Africa--Historiography, Imperialism--Historiography
942 _cM.PHIL.
999 _c24165
_d24165